011250000a220009700045001000021000002450091000213000039001125200785001516500034009367730057009701 aMafokozi, Joseph10aViolencia latente en la escuela y mediación: propuesta de un modelo para su estudio. ano.44 (may. - jun., 2010),p, 84-88 aLos centros educativos son entornos complejos en los que, bajo una apariencia apacible, se producen diversos fenómenos tanto positivos como negativos. Junto a los efectos beneficiosos de la educación ocurren otros menos deseables. De hecho, surgen conflictos entre los diversos actores de la comunidad educativa: alumnado, profesorado, padres y madres y personal administrativo. En este artículo interesan, en primer lugar los conflictos entre los mismos alumnos y en segundo término los relativos a los docentes y al equipo directivo. el objetivo es presentar una perspectiva de estudio del contexto escolar susceptible de evitar tener que llegar a la etapa de la activación de los mecanismos propios e internos en el centro escolar para abordar conflictos previsibles.14aEDUCACION - ASPECTOS SOCIALES0 tRevista internacional magisterio : educación y ped